statistieken voor Nederland - Gemeenten in Gelderland

Klik hier om de quiz te nemen!

Generale statistieken

  • Deze quiz is al 215 keer genomen
  • De gemiddelde score is 22 of 56

Antwoord statistieken

Answer % Correct
Arnhem
94%
Nijmegen
89%
Apeldoorn
85%
Ede
83%
Harderwijk
69%
Zutphen
69%
Doetinchem
68%
Winterswijk
67%
Tiel
66%
Wageningen
61%
Barneveld
59%
Epe
59%
Zevenaar
51%
Nunspeet
50%
Ermelo
50%
Nijkerk
48%
Putten
45%
Duiven
44%
Wijchen
43%
Culemborg
43%
Aalten
41%
Geldermalsen
41%
Rheden
40%
Beuningen
38%
Elburg
38%
Hattem
36%
Lochem
35%
Brummen
35%
Groesbeek
35%
Zaltbommel
33%
Druten
32%
Bronckhorst
31%
Renkum
31%
Rozendaal
30%
Overbetuwe
30%
Heerde
28%
Doesburg
28%
Neder-Betuwe
28%
Westervoort
28%
Berkelland
26%
Montferland
26%
Oude IJsselstreek
25%
Buren
24%
Scherpenzeel
24%
Lingewaard
23%
West Maas en Waal
22%
Oldebroek
22%
Voorst
22%
Oost Gelre
19%
Neerijnen
19%
Maasdriel
17%
Heumen
17%
Millingen aan de Rijn
17%
Rijnwaarden
16%
Lingewaal
16%
Ubbergen
13%

Score Distributie

Percentiel op hoeveel beantwoord

Procent van mensen met elke score

Uw Scoregeschiedenis

U hebt deze quiz nog niet genomen